Taylor Swift - illicit affairs Lyrics - Statistics

General Stats
  • This quiz has been taken 280 times
  • The average score is 216 of 239
Answer Stats
Answer % Correct
you
100%
You
100%
a
99%
A
99%
the
99%
The
99%
And
98%
and
98%
I
98%
me
98%
see
98%
That
98%
that
98%
affairs
97%
for
97%
For
97%
illicit
97%
with
97%
can
96%
when
96%
anyone
95%
don’t
95%
Don't
95%
don't
95%
else
95%
time
95%
"baby"
94%
call
94%
can't
94%
"kid"
94%
know
94%
leave
94%
Leave
94%
million
94%
show
94%
times
94%
your
94%
about
93%
at
93%
be
93%
colors
93%
little
93%
Look
93%
made
93%
myself
93%
on
93%
showed
93%
speak
93%
that's
93%
thing
93%
this
93%
well
93%
would
93%
damn
92%
language
92%
meetings
92%
mess
92%
no
92%
secret
92%
friends
91%
just
91%
out
91%
taught
91%
they
91%
They
91%
him
90%
shelf
90%
Tell
90%
perfume
89%
What
89%
what
89%
You’ll
89%
you're
89%
fool
88%
idiotic
88%
in
88%
lie
88%
return
88%
ruin
88%
run
88%
scream
88%
Make
87%
nobody
87%
picked
87%
down
86%
wanna
86%
always
85%
behind
85%
flushed
85%
keep
85%
sees
85%
sure
85%
parking
84%
stares
84%
Take
84%
are
83%
But
83%
even
83%
eyes
83%
first
83%
it
83%
Like
83%
lots
83%
one
83%
single
83%
trace
83%
beautiful
82%
Ends
82%
exist
82%
godforsaken
82%
head
82%
So
82%
stop
82%
yourself
82%
started
81%
few
80%
hundred
80%
rooms
80%
dies
79%
only
79%
over
79%
by
78%
words
78%
road
77%
their
77%
clandestine
76%
less
76%
Hood
75%
stolen
75%
drug
74%
high
74%
longing
74%
worked
74%
traveled
70%
truth
69%
from
68%
glance
65%
It's
61%
born
60%
mercurial
60%
dwindling
57%
No matching quizzes found
Score Distribution
Percent of People with Each Score
Percentile by Number Answered
Your Score History
You have not taken this quiz